00546nam a2200121Ia 4500008004100000020001800041100003500059245010500094260002700199650013500226650002200361856004100383171212s9999 xx 000 0 und d a9780833037893 aOliker, Olga;Shlapak, David A. cOliker, Olga;Shlapak, David A.aU.S. Interests in Central AsiabPolicy Priorities and Military Roles bRAND Corporationc2005 aAsia, Central -- Strategic aspects; United States -- Military policy; United States. Air Force -- Foreign service -- Asia, Central aPolitical Science uwww.jstor.org/stable/10.7249/mg338af